Music Quiz

Random Music or Album Quiz

100 Punk Albums 1-100 Quiz Stats

 Plays Quiz not verified by Sporcle

Score 0/100 Timer 20:00
0 Plays Today
Band Album % Correct
The ClashLondon Calling
95.2%
The ClashThe Clash
85.5%
Sex PistolsNever Mind the Bollocks
83.9%
RamonesRamones
80.6%
Dead KennedysFresh Fruit for Rotting Vegetables
79%
The StoogesRaw Power
66.1%
Black FlagDamaged
64.5%
WirePink Flag
62.9%
RamonesRocket to Russia
62.9%
GermsGI
58.1%
MinutemenDouble Nickels on the Dime
58.1%
Husker DuZen Arcade
53.2%
The DamnedDamned Damned Damned
53.2%
The StoogesFun House
53.2%
Gang of FourEntertainment!
51.6%
DescendentsMilo Goes to College
51.6%
XLos Angeles
51.6%
Rancid...And Out Come the Wolves
51.6%
Bad BrainsBad Brains
51.6%
The Specials Specials
51.6%
The ClashGive 'Em Enough Rope
50%
Stiff Little FingersInflammable Material
46.8%
BuzzcocksSingles Going Steady
45.2%
Operation IvyOperation Ivy
43.5%
The DamnedMachine Gun Etiquette
40.3%
Fugazi13 Songs
40.3%
Bad ReligionSuffer
40.3%
RefusedThe Shape of Punk to Come
40.3%
MisfitsWalk Among Us
37.1%
Dead KennedysPlastic Surgery Disasters
37.1%
RancidLet's Go
37.1%
Circle JerksGroup Sex
35.5%
AdolescentsAdolescents
33.9%
Bad ReligionNo Control
33.9%
Band Album % Correct
Minor ThreatComplete Discography
32.3%
PropagandhiHow to Clean Everything
30.6%
MisfitsStatic Age
30.6%
Social DistortionMommy's Little Monster
29%
Dead KennedysGive Me Convenience or Give Me Death
29%
Bad ReligionAgainst the Grain
29%
The ExploitedPunks Not Dead
29%
Gorilla BiscuitsStart Today
27.4%
Dropkick MurphysThe Gang's All Here
27.4%
Leftover Crack**** World Trade
27.4%
Social DistortionWhite Light White Heat White Trash
25.8%
Streetlight ManifestoEverything Goes Numb
25.8%
SubhumansThe Day the Country Died
24.2%
Choking VictimNo Gods No Managers
24.2%
Against Me!Reinventing Axl Rose
24.2%
Dead BoysYoung Loud and Snotty
22.6%
FearThe Record
22.6%
The VandalsHitler Bad, Vandals Good
22.6%
NOFXRibbed
22.6%
7 SecondsWalk Together, Rock Together
21%
PropagandhiLess Talk, More Rock
21%
AFIBlack Sails in the Sunset
21%
Catch 22Keasbey Nights
21%
Black FlagThe First Four Years
21%
Cock SparrerShock Troops
21%
The AdictsSongs of Praise
19.4%
CrassThe Feeding of the 5000
19.4%
Anti-FlagDie for the Government
19.4%
ConflictThe Ungovernable Force
19.4%
G.B.H.City Baby Attacked by Rats
19.4%
PropagandhiToday's Empires, Tomorrow's Ashes
19.4%
CrassChrist: The Album
17.7%
GermsM.I.A.
17.7%
Rise AgainstRevolutions Per Minute
17.7%
Band Album % Correct
Leftover CrackMediocre Generica
17.7%
Dag NastyWig Out at Denko's
16.1%
Peter and the Test Tube BabiesPissed and Proud
16.1%
DischargeHear Nothing See Nothing Say Nothing
16.1%
Toy DollsAbsurd-Ditties
16.1%
The ExploitedTroops of Tomorrow
14.5%
Reagan YouthA Collection of Pop Classics
14.5%
Anti-Nowhere LeagueWe Are...The League
12.9%
The Bouncing SoulsManiacal Laughter
12.9%
JudgeNew York Crew
12.9%
A Global ThreatWhat the **** Will Change?
12.9%
Strike AnywhereChange Is a Sound
12.9%
The UnseenLower Class Crucifixion
12.9%
HorrorpropsHell Yeah!
11.3%
Agnostic FrontRiot, Riot, Upstart
11.3%
RefusedSongs to Fan the Flame of Discontent
11.3%
The PartisansPolice Story
11.3%
Tiger ArmyTiger Army
11.3%
Chaos U.K.One Hundred Per Cent Two Fingers in the Air Punk Rock
9.7%
The VarukersBloodsuckers
9.7%
The AdictsSound of Music
9.7%
The VirusNowhere to Hide
8.1%
OxymoronBest Before 2000
8.1%
Big D and the Kids TableGood Luck
8.1%
Aus-Rotten...And Now Back to Our Programming
6.5%
Link 8017 Reasons
6.5%
NekromantixReturn of the Loving Dead
4.8%
The FilamentsSkull and Trombones
4.8%
The Filaments...What's Next?
4.8%
The Dead PetsToo Little Too Late
1.6%
The Oi! ScoutsBoots for the Beatdown
1.6%
Carry OnA Life Less Plagued
1.6%

You're not logged in!

Compare scores with friends on all Sporcle quizzes.
OR
Log In

Show Comments

Extras

Created Aug 13, 2015ReportNominate
Tags:Album Quiz, 100, punk

Top Quizzes Today


Score Distribution

Your Account Isn't Verified!

In order to create a playlist on Sporcle, you need to verify the email address you used during registration. Go to your Sporcle Settings to finish the process.

Report this User

Report this user for behavior that violates our Community Guidelines.

Details: